000 00476nam a22001937a 4500
005 20260423154047.0
008 260423b |||||||| |||| 00| 0 eng d
020 _a9783642684593
_c5390.94
040 _aMAIN
041 _aEnglish
082 _a551
_bSCH
100 _aScheidegger, Adrian E.
_926716
245 _aPrinciples of Geodynamics
250 _a3rd
260 _aBerlin
_bSpringer
_c1982
300 _a395
650 _aGeology (PM USHA)
_926712
942 _cBK
999 _c60712
_d60712